<?xml version="1.0" encoding="UTF-8"?>
<record
    xmlns:xsi="http://www.w3.org/2001/XMLSchema-instance"
    xsi:schemaLocation="http://www.loc.gov/MARC21/slim http://www.loc.gov/standards/marcxml/schema/MARC21slim.xsd"
    xmlns="http://www.loc.gov/MARC21/slim">

  <leader>00622nam a22001937a 4500</leader>
  <controlfield tag="005">20240226123252.0</controlfield>
  <datafield tag="010" ind1=" " ind2=" ">
    <subfield code="a">ENG-116345</subfield>
  </datafield>
  <datafield tag="020" ind1=" " ind2=" ">
    <subfield code="a">9789385495130</subfield>
    <subfield code="c">1495.00</subfield>
  </datafield>
  <datafield tag="035" ind1=" " ind2=" ">
    <subfield code="a">EN-99877</subfield>
  </datafield>
  <datafield tag="037" ind1=" " ind2=" ">
    <subfield code="b">DBAD/PUB</subfield>
  </datafield>
  <datafield tag="082" ind1="0" ind2="4">
    <subfield code="a">3613.7046</subfield>
  </datafield>
  <datafield tag="245" ind1="0" ind2="4">
    <subfield code="a">Health &amp; Yoga/</subfield>
    <subfield code="c">Edited by Indu Singh</subfield>
  </datafield>
  <datafield tag="260" ind1=" " ind2=" ">
    <subfield code="a">New Delhi</subfield>
    <subfield code="b">Falguni Publishers &amp; Distributors</subfield>
    <subfield code="c">2016</subfield>
  </datafield>
  <datafield tag="270" ind1=" " ind2=" ">
    <subfield code="a">204, IInd Floor Dirga Comlex CSC, Mayur Vihar-II</subfield>
    <subfield code="b">New Delhi</subfield>
    <subfield code="e">110092</subfield>
  </datafield>
  <datafield tag="300" ind1=" " ind2=" ">
    <subfield code="a">264p. </subfield>
    <subfield code="c">21cm(Hb)</subfield>
  </datafield>
  <datafield tag="500" ind1=" " ind2=" ">
    <subfield code="a">Includes bibliographical references and  index</subfield>
  </datafield>
  <datafield tag="700" ind1=" " ind2=" ">
    <subfield code="d">Indu Singh</subfield>
    <subfield code="9">62508</subfield>
  </datafield>
  <datafield tag="942" ind1=" " ind2=" ">
    <subfield code="2">ddc</subfield>
    <subfield code="c">EN</subfield>
    <subfield code="h">613.7046</subfield>
    <subfield code="m">HEA</subfield>
  </datafield>
  <datafield tag="999" ind1=" " ind2=" ">
    <subfield code="c">104353</subfield>
    <subfield code="d">104353</subfield>
  </datafield>
  <datafield tag="952" ind1=" " ind2=" ">
    <subfield code="0">0</subfield>
    <subfield code="1">0</subfield>
    <subfield code="4">0</subfield>
    <subfield code="7">0</subfield>
    <subfield code="8">NFIC</subfield>
    <subfield code="a">PR</subfield>
    <subfield code="b">PR</subfield>
    <subfield code="d">2016-10-27</subfield>
    <subfield code="e">DBAD/PUB</subfield>
    <subfield code="g">1495.00</subfield>
    <subfield code="l">4</subfield>
    <subfield code="m">7</subfield>
    <subfield code="o">613.7046 HEA</subfield>
    <subfield code="p">EN-99877</subfield>
    <subfield code="r">2025-11-01 00:00:00</subfield>
    <subfield code="s">2025-09-09</subfield>
    <subfield code="t">1</subfield>
    <subfield code="v">1495.00</subfield>
    <subfield code="w">2016-10-27</subfield>
    <subfield code="y">EN</subfield>
  </datafield>
</record>
